000 00801nam a2200253Ia 4500
003 OSt
005 20220927105606.0
006 a|||||r|||| 00| 0
007 ta
008 220926b |||||||| |||| 00| 0 eng d
020 _a674025295
024 _a176069
037 _cReference Collections
040 _aRTL
_cRTL
_beng
041 _2eng
_aeng
082 _a"Y73(Q7):3(W83) .4655.p, P7"
100 _aROUGIER Bernard
_9373627
245 0 _aEveryday Jihad
_b The rise of militant islam among palestinian in Lebnon
260 _aCambridge
_bHarverd University Press
_c2007
300 _a"x,333p"
_ccm.
650 _aIslamic Mlitant
_9373628
942 _h"Y73(Q7):3(W83) .4655.p, P7"
_cCC
999 _c693357
_d693357